| 000 | 01739nam a22004577a 4500 | ||
|---|---|---|---|
| 001 | 158 | ||
| 003 | FISKH | ||
| 005 | 20230301133517.0 | ||
| 008 | 230301b cb ||||| |||| 00| 0 eng d | ||
| 020 | _a9780545219501 | ||
| 035 | _a(OCoLC)123967999 | ||
| 035 | _a(OCoLC)ocn123967999 | ||
| 040 |
_aDLC _cDLC _dBKX _dBTCTA _dBAKER _dDLC _dFISKH _beng |
||
| 042 | _alcac | ||
| 043 | _an-us--- | ||
| 050 | 0 | 0 |
_aE901.1.O23 _bE34 2008 |
| 082 | 0 | 0 |
_a328.73/092 _aB _222 |
| 100 | 1 | _aEdwards, Roberta. | |
| 245 | 1 | 0 |
_aBarack Obama : _ban American story / _cby Roberta Edwards ; illustrated by Ken Call and with photographs. |
| 260 |
_aNew York _bScholastic _c2008 |
||
| 300 |
_a48 p. : _bcol. ill., col. maps ; _c23 cm. |
||
| 505 | _aM | ||
| 520 | _aA brief biography of Senator Barack Obama who was running as a presidential candidate for the Democratic Party. | ||
| 521 | 8 |
_a680 _bLexile |
|
| 521 | 8 |
_aM _bRaz-Plus |
|
| 600 | 1 | 0 |
_aObama, Barack _vJuvenile literature. |
| 600 | 1 | 1 | _aObama, Barack. |
| 610 | 1 | 0 |
_aUnited States. _bCongress. _bSenate _vBiography _vJuvenile literature. |
| 610 | 1 | 1 |
_aUnited States. _bCongress. _bSenate. _vBiography. |
| 650 | 0 |
_aAfrican American legislators _vBiography _vJuvenile literature. |
|
| 650 | 0 |
_aLegislators _zUnited States _vBiography _vJuvenile literature. |
|
| 650 | 0 |
_aPresidential candidates _zUnited States _vBiography _vJuvenile literature. |
|
| 650 | 0 |
_aRacially mixed people _zUnited States _vBiography _vJuvenile literature. |
|
| 650 | 1 | _aLegislators. | |
| 650 | 1 |
_aAfrican Americans _vBiography. |
|
| 650 | 1 | _aPresidential candidates. | |
| 650 | 1 |
_aRacially mixed people _vBiography. |
|
| 700 | 1 |
_aCall, Ken, _eill. |
|
| 906 |
_a7 _bcbc _corignew _d1 _eecip _f20 _gy-gencatlg |
||
| 942 |
_2ddc _cBK _n0 |
||
| 999 |
_c158 _d158 |
||